MyGZULibrary

Culture's consequences : (Record no. 1105)

MARC details
000 -LEADER
fixed length control field 01299cam a22003254a 4500
001 - CONTROL NUMBER
control field 12185589
003 - CONTROL NUMBER IDENTIFIER
control field GZU
005 - DATE AND TIME OF LATEST TRANSACTION
control field 20200924094841.0
008 - FIXED-LENGTH DATA ELEMENTS--GENERAL INFORMATION
fixed length control field 000926s2001 caua b 001 0 eng
010 ## - LIBRARY OF CONGRESS CONTROL NUMBER
LC control number 00010498
020 ## - INTERNATIONAL STANDARD BOOK NUMBER
International Standard Book Number 0803973233
040 ## - CATALOGING SOURCE
Original cataloging agency DLC
Transcribing agency DLC
Modifying agency DLC
042 ## - AUTHENTICATION CODE
Authentication code pcc
050 00 - LIBRARY OF CONGRESS CALL NUMBER
Classification number GN502
Item number HOF 2001
082 00 - DEWEY DECIMAL CLASSIFICATION NUMBER
Classification number 155.8/9
Edition number 21
100 1# - MAIN ENTRY--PERSONAL NAME
Personal name Hofstede, Geert H.
245 10 - TITLE STATEMENT
Title Culture's consequences :
Remainder of title comparing values, behaviors, institutions, and organizations across nations /
Statement of responsibility, etc. Geert Hofstede.
250 ## - EDITION STATEMENT
Edition statement 2nd ed.
260 ## - PUBLICATION, DISTRIBUTION, ETC.
Place of publication, distribution, etc. Thousand Oaks, Calif. :
Name of publisher, distributor, etc. Sage Publications,
Date of publication, distribution, etc. c2001.
300 ## - PHYSICAL DESCRIPTION
Extent xx, 596 p. :
Other physical details ill. ;
Dimensions 26 cm.
504 ## - BIBLIOGRAPHY, ETC. NOTE
Bibliography, etc. note Includes bibliographical references (p. 525-568) and indexes.
650 #0 - SUBJECT ADDED ENTRY--TOPICAL TERM
Topical term or geographic name entry element Ethnopsychology.
650 #0 - SUBJECT ADDED ENTRY--TOPICAL TERM
Topical term or geographic name entry element National characteristics.
650 #0 - SUBJECT ADDED ENTRY--TOPICAL TERM
Topical term or geographic name entry element Values
General subdivision Cross-cultural studies.
856 42 - ELECTRONIC LOCATION AND ACCESS
Materials specified Publisher description
Uniform Resource Identifier <a href="http://www.loc.gov/catdir/enhancements/fy0656/00010498-d.html">http://www.loc.gov/catdir/enhancements/fy0656/00010498-d.html</a>
856 41 - ELECTRONIC LOCATION AND ACCESS
Materials specified Table of contents only
Uniform Resource Identifier <a href="http://www.loc.gov/catdir/enhancements/fy0656/00010498-t.html">http://www.loc.gov/catdir/enhancements/fy0656/00010498-t.html</a>
906 ## - LOCAL DATA ELEMENT F, LDF (RLIN)
a 7
b cbc
c orignew
d 1
e ecip
f 20
g y-gencatlg
942 ## - ADDED ENTRY ELEMENTS (KOHA)
Koha item type Books
Classification part 502
Item part HOF
Call number prefix GN
Holdings
Withdrawn status Lost status Damaged status Not for loan Collection code Home library Current library Shelving location Date acquired Total Checkouts Full call number Barcode Date last seen Copy number Price effective from Koha item type
        Non-fiction City Campus Library City Campus Library General Stacks 09/24/2020   GN 502 HOF 2001 028943 09/24/2020 C.1 09/24/2020 Books
        Non-fiction City Campus Library City Campus Library General Stacks 09/24/2020   GN 502 HOF 2001 000245 09/24/2020 C.2 09/24/2020 Books
        Non-fiction Mashava Campus Library Mashava Campus Library General Stacks 05/03/2021   GN 502 HOF 2001 027972 05/03/2021 c.3 05/03/2021 Books
        Non-fiction Mashava Campus Library Mashava Campus Library General Stacks 05/03/2021   GN 502 HOF 2001 027971 05/03/2021 c.4 05/03/2021 Books
        Non-fiction Mashava Campus Library Mashava Campus Library General Stacks 05/03/2021   GN 502 HOF 2001 027973 05/03/2021 c.5 05/03/2021 Books